Т. 1 : (1716-1730); Материалы для истории Императорской Академии наук; I. Архив бывшей Канцелярии Академии Наук; II. Архив Конференции Императорской Академии наук; III. Государственный Архив; IV. С-Петербургский Сенатский Архив; V. Московский Архив Министерства Юстиции

Dades bibliogràfiques
Parent link:Материалы для истории Императорской Академии наук: [в 10-ти тт.]. Т. 1 : (1716-1730).— , 1885-1900
Autor corporatiu: Императорская академия наук
Sumari:с приложением восьми портретов
Idioma:rus
alemany
Publicat: 1885
TOC:I. Архив бывшей Канцелярии Академии Наук;
II. Архив Конференции Императорской Академии наук;
III. Государственный Архив;
IV. С-Петербургский Сенатский Архив;
V. Московский Архив Министерства Юстиции;
Matèries:
Format: Llibre
KOHA link:https://koha.lib.tpu.ru/cgi-bin/koha/opac-detail.pl?biblionumber=331494

MARC

LEADER 00000nam2a2200000 4500
001 331494
005 20231102004349.0
035 |a (RuTPU)RU\TPU\book\357321 
090 |a 331494 
100 |a 20170425d1885 m y0rusy50 ca 
101 0 |a rus  |a ger 
102 |a RU 
105 |a c z 001zy 
200 0 |a Т. 1 : (1716-1730) 
210 |d 1885 
215 |a 732 с.  |c портр. 
300 |a с приложением восьми портретов 
320 |a Указ. в конце кн.: с. 
461 1 |0 (RuTPU)RU\TPU\book\357317  |t Материалы для истории Императорской Академии наук  |o [в 10-ти тт.]  |v Т. 1 : (1716-1730)  |d 1885-1900 
464 |t I. Архив бывшей Канцелярии Академии Наук 
464 |t II. Архив Конференции Императорской Академии наук 
464 |t III. Государственный Архив 
464 |t IV. С-Петербургский Сенатский Архив 
464 |t V. Московский Архив Министерства Юстиции 
606 1 |a Наука  |x История  |2 stltpush  |3 (RuTPU)RU\TPU\subj\45075  |9 64337 
610 1 |a канцелярия 
610 1 |a архив 
610 1 |a Академия наук 
610 1 |a Блюментрост 
610 1 |a Президент Академии наук 
610 1 |a Бильфингер 
610 1 |a Леонард Эйлер 
610 1 |a Даниил Бернулли 
610 1 |a список учеников 
610 1 |a ведомости 
610 1 |a Государственный архив 
610 1 |a Министерство юстици 
610 1 |a Московский архив 
686 |a Ч213  |v LBC/SL-A  |2 rubbk 
712 0 2 |a Императорская академия наук  |c (Санкт-Петербург)  |c (1803-1836)  |2 stltpush  |3 (RuTPU)RU\TPU\col\17515  |9 26664 
801 1 |a RU  |b 63413507  |c 20170425 
801 2 |a RU  |b 63413507  |c 20190212  |g RCR 
942 |c BK